[Event "Olimpiade 2014 - Open"]
[Site "Tromsø"]
[Date "02.08.2014"]
[Round "1.32"]
[Board "2"]
[White "Dzhumaev, Marat"]
[Black "Constantinou, Pavlos"]
[Result "1-0"]
[WhiteTitle "GM"]
[WhiteElo "2510"]
[BlackElo "2106"]
[WhiteTeam "Uzbekistan"]
[BlackTeam "Cyprus"]
[WhiteFideId "14200236"]
[BlackFideId "5900328"]
[EventDate "2014.08.02"]

1. e4 c5 2. Nf3 g6 3. Nc3 Bg7 4. d4 cxd4 5. Nxd4 Nc6 6. Be3 Nf6 7. Be2 O-O 8.
O-O Nxd4 9. Bxd4 d6 10. Qd2 Bd7 11. Rad1 Bc6 12. Qe3 Qa5 13. f4 e5 14. fxe5 dxe5
15. Bc5 Rfd8 16. b4 Qc7 17. b5 Rxd1 18. Rxd1 Be8 19. Bxa7 Bh6 20. Qxh6 Rxa7 21.
Qe3 Ra3 22. Rd3 Kg7 23. Nd5 Nxd5 24. exd5 Rxa2 25. d6 Qxc2 26. Qxe5+ Kh6 1-0

[Event "Olimpiade 2014 - Open"]
[Site "Tromsø"]
[Date "02.08.2014"]
[Round "1.32"]
[Board "3"]
[White "Aristotelous, Vassilis"]
[Black "Vakhidov, Jahongir"]
[Result "0-1"]
[BlackTitle "IM"]
[WhiteElo "1946"]
[BlackElo "2471"]
[WhiteTeam "Cyprus"]
[BlackTeam "Uzbekistan"]
[WhiteFideId "5900468"]
[BlackFideId "14201801"]
[EventDate "2014.08.02"]

1. e4 d5 2. exd5 Qxd5 3. Nc3 Qd6 4. g3 g6 5. Bg2 Bg7 6. Nf3 Nf6 7. O-O O-O 8. d3
Nc6 9. Re1 Re8 10. Nb5 Qd8 11. c3 e5 12. d4 a6 13. dxe5 Qxd1 14. Rxd1 axb5 15.
exf6 Bxf6 16. Bf4 b4 17. Nd4 bxc3 18. bxc3 Nxd4 19. cxd4 c5 20. Be3 Bg4 21. Rd2
cxd4 22. Bf4 g5 23. Bd6 Re2 24. Rxe2 Bxe2 25. a3 d3 26. Ra2 Rc8 27. Be4 Rc4 28.
Bf5 Bf3 29. Bxd3 Rd4 30. Rd2 Be4 31. Bxe4 Rxd2 32. Bc5 b5 33. Bf3 Rc2 34. Bb6
Be7 35. Be3 Bxa3 36. Bxg5 Bc5 37. Be3 Bxe3 38. fxe3 b4 39. Bd5 Rc3 40. Kf2 b3 0-1

[Event "Olimpiade 2014 - Open"]
[Site "Tromsø"]
[Date "02.08.2014"]
[Round "1.32"]
[Board "4"]
[White "Tillyaev, Ulugbek"]
[Black "Antoniou, Antonis"]
[Result "1-0"]
[WhiteTitle "FM"]
[BlackTitle "FM"]
[WhiteElo "2367"]
[BlackElo "2188"]
[WhiteTeam "Uzbekistan"]
[BlackTeam "Cyprus"]
[WhiteFideId "14202441"]
[BlackFideId "5900123"]
[EventDate "2014.08.02"]

1. e4 d6 2. d4 Nf6 3. Nc3 e5 4. Nf3 Nbd7 5. g3 Be7 6. Bg2 O-O 7. O-O Re8 8. h3
c6 9. Nh4 Nf8 10. Re1 Qb6 11. Nf3 Ng6 12. b3 h6 13. Bb2 Bf8 14. Qd2 Qc7 15. a4
Bd7 16. a5 Rad8 17. Nd1 Bc8 18. c4 Nh5 19. Ne3 Qe7 20. Qc2 Nf6 21. Rad1 Nh7 22.
Nf5 Qc7 23. Bc3 Nf6 24. Nh2 d5 25. exd5 cxd5 26. dxe5 Nxe5 27. f4 Ng6 28. Rxe8
Rxe8 29. Bxf6 gxf6 30. Ng4 dxc4 31. Nxf6+ Kh8 32. Nxe8 1-0

[Event "Olimpiade 2014 - Open"]
[Site "Tromsø"]
[Date "02.08.2014"]
[Round "1.33"]
[Board "1"]
[White "Grandelius, Nils"]
[Black "Kurukulasuriya, Prasanna"]
[Result "1-0"]
[WhiteTitle "GM"]
[BlackTitle "FM"]
[WhiteElo "2571"]
[BlackElo "2063"]
[WhiteTeam "Sweden"]
[BlackTeam "Sri Lanka"]
[WhiteFideId "1710400"]
[BlackFideId "9901248"]
[EventDate "2014.08.02"]

1. Nf3 Nf6 2. c4 g6 3. Nc3 Bg7 4. g3 O-O 5. Bg2 d6 6. O-O Nc6 7. d4 a6 8. d5 Na5
9. b3 c5 10. dxc6 Nxc6 11. Bb2 Nd7 12. Qc1 Nc5 13. Rd1 Bf5 14. Nd5 Bxb2 15. Qxb2
Be4 16. Rac1 a5 17. h4 Ra6 18. h5 Qd7 19. Ng5 Bxg2 20. Kxg2 Qf5 21. Nf3 g5 22.
Nc7 g4 23. Nh4 Qxh5 24. Rd5 Ne5 25. Nxa6 bxa6 26. Qd4 Ne6 27. Qe3 f5 28. Rxe5
dxe5 29. Qxe5 Rf6 30. c5 Qh6 31. e3 Kf7 32. c6 Ng5 33. c7 Nf3 34. Qd5+ Kg7 35.
c8=Q 1-0

[Event "Olimpiade 2014 - Open"]
[Site "Tromsø"]
[Date "02.08.2014"]
[Round "1.33"]
[Board "2"]
[White "Perera, W C C"]
[Black "Agrest, Evgenij"]
[Result "0-1"]
[WhiteTitle "CM"]
[BlackTitle "GM"]
[WhiteElo "2081"]
[BlackElo "2595"]
[WhiteTeam "Sri Lanka"]
[BlackTeam "Sweden"]
[WhiteFideId "9902600"]
[BlackFideId "1705024"]
[EventDate "2014.08.02"]

1. d4 d5 2. c4 c6 3. Nf3 Nf6 4. Nc3 e6 5. Bg5 Nbd7 6. cxd5 exd5 7. e3 Be7 8. Bd3
O-O 9. Qc2 Re8 10. O-O Nf8 11. Rae1 Be6 12. Ne5 N6d7 13. Bxe7 Rxe7 14. f4 f6 15.
Nf3 a6 16. f5 Bf7 17. Qf2 Rc8 18. Ne2 c5 19. Nf4 Qb6 20. Rc1 Rce8 21. Rfe1 Qd6
22. Nh3 Bh5 23. Nf4 Bf7 24. Qd2 c4 25. Bb1 b5 26. h4 b4 27. Qf2 Nb6 28. Nh2 a5
29. Ng4 Nc8 30. h5 h6 31. Ng6 Bxg6 32. hxg6 Qc6 33. Qf4 Nd6 34. Nf2 Nd7 35. Re2
Nb6 36. g3 Nb5 37. Kg2 Qd6 38. Kf3 Qxf4+ 39. Kxf4 Nxd4 40. Rd2 Nb5 41. e4 c3 42.
bxc3 Nxc3 43. Re1 Nxb1 44. Rxb1 dxe4 45. Rd6 e3 46. Nd3 Re4+ 0-1

[Event "Olimpiade 2014 - Open"]
[Site "Tromsø"]
[Date "02.08.2014"]
[Round "1.33"]
[Board "3"]
[White "Tikkanen, Hans"]
[Black "Alahakoon, Isuru"]
[Result "1/2-1/2"]
[WhiteTitle "GM"]
[WhiteElo "2559"]
[BlackElo "2120"]
[WhiteTeam "Sweden"]
[BlackTeam "Sri Lanka"]
[WhiteFideId "1706446"]
[BlackFideId "9900993"]
[EventDate "2014.08.02"]

1. d4 f5 2. Nc3 Nf6 3. Bf4 e6 4. e3 Bb4 5. Bd3 O-O 6. Ne2 b6 7. a3 Be7 8. f3 Bb7
9. e4 fxe4 10. Nxe4 c5 11. O-O Nxe4 12. fxe4 cxd4 13. b4 Nc6 14. b5 Na5 15. e5
d6 16. Nxd4 dxe5 17. Nxe6 Bc5+ 18. Kh1 Bxg2+ 19. Kxg2 Qd5+ 20. Qf3 Qxe6 21. Qe4
Qg4+ 22. Bg3 Qxe4+ 23. Bxe4 Rxf1 24. Rxf1 Rd8 25. Bxe5 Nc4 26. Bf4 Ne3+ 27. Bxe3
Bxe3 28. Bd3 Rc8 29. a4 g6 30. Rf3 Bd4 31. Rf4 Bc5 32. Bc4+ Kh8 33. Rf7 Bd6 34.
Bb3 Rc7 35. Rxc7 Bxc7 36. h3 Kg7 37. Kf3 Kf6 38. Ke4 Ke7 39. Bg8 h5 40. Kd5 g5
41. Kc6 Be5 42. Bd5 g4 43. hxg4 hxg4 44. c4 Bc3 45. Bg2 Bd2 46. Bf1 g3 47. Bg2 1/2-1/2

[Event "Olimpiade 2014 - Open"]
[Site "Tromsø"]
[Date "02.08.2014"]
[Round "1.33"]
[Board "4"]
[White "Kalugampitiya, R S"]
[Black "Berg, Emanuel"]
[Result "1/2-1/2"]
[BlackTitle "GM"]
[WhiteElo "2121"]
[BlackElo "2554"]
[WhiteTeam "Sri Lanka"]
[BlackTeam "Sweden"]
[WhiteFideId "9901124"]
[BlackFideId "1704060"]
[EventDate "2014.08.02"]

1. e4 e6 2. d4 d5 3. Nc3 Bb4 4. e5 c5 5. a3 Bxc3+ 6. bxc3 Ne7 7. Qg4 cxd4 8.
Qxg7 Rg8 9. Qxh7 Qc7 10. Ne2 dxc3 11. f4 Nbc6 12. Qd3 d4 13. Nxd4 Nxd4 14. Qxd4
Bd7 15. Rg1 Nf5 16. Qf2 Qc6 17. Bd3 Qd5 18. Rb1 Bc6 19. Rb3 O-O-O 20. Rxc3 Kb8
21. Qc5 Rxg2 22. Qxd5 Rxg1+ 23. Kf2 Bxd5 24. Kxg1 Rg8+ 25. Kf1 Rg2 26. Bxf5 exf5
27. h3 Rh2 28. Be3 b6 29. Bf2 Bg2+ 30. Kg1 Rxh3 31. Rxh3 Bxh3 32. Bh4 Kb7 33.
Kf2 Kc6 34. Ke3 Kd5 35. c3 Kc4 36. Kd2 Bg2 37. Be7 Be4 38. Bf8 Kb3 39. Be7 a5
40. Bf8 Ka2 41. Be7 Kb2 42. Bf8 Kb3 43. Be7 b5 44. Bf8 Bd5 45. Be7 Bc4 46. Bf8
b4 47. cxb4 a4 48. b5 Bxb5 1/2-1/2

[Event "Olimpiade 2014 - Open"]
[Site "Tromsø"]
[Date "02.08.2014"]
[Round "1.35"]
[Board "1"]
[White "Markos, Jan"]
[Black "Davy, Damion"]
[Result "1/2-1/2"]
[WhiteTitle "GM"]
[BlackTitle "CM"]
[WhiteElo "2602"]
[BlackElo "2164"]
[WhiteTeam "Slovakia"]
[BlackTeam "Jamaica"]
[WhiteFideId "14903474"]
[BlackFideId "7400519"]
[EventDate "2014.08.02"]

1. d4 Nf6 2. c4 e6 3. Nf3 Bb4+ 4. Nbd2 b6 5. a3 Bxd2+ 6. Bxd2 Bb7 7. Bg5 d6 8.
e3 Nbd7 9. Be2 h6 10. Bh4 g5 11. Bg3 h5 12. h3 Ne4 13. d5 Qf6 14. Qc2 Nxg3 15.
fxg3 O-O-O 16. e4 g4 17. Nd2 Qe5 18. Qc3 Qg5 19. hxg4 h4 20. O-O-O Ne5 21. gxh4
Rxh4 22. Rxh4 Qxh4 23. Qe3 Rg8 24. Qf4 Rxg4 25. Qf1 Rg8 26. Kb1 Ba6 27. Ka2 Qg3
28. Bf3 Qf4 29. b3 Qe3 30. Qe1 Qc3 31. Rc1 Nxf3 32. gxf3 Qd4 33. Qe2 Qe5 34. Qf2
Qf4 35. Rh1 exd5 36. cxd5 f5 37. Rh4 Qg5 38. Rh7 fxe4 39. fxe4 Qg2 40. Rf7 Kb7
41. Kb2 Bd3 42. Qxg2 Rxg2 43. Kc3 Rg3 44. Kb2 Rg2 45. Kc3 Rg3 46. Kb2 Rg2 47.
Kc3 1/2-1/2

[Event "Olimpiade 2014 - Open"]
[Site "Tromsø"]
[Date "02.08.2014"]
[Round "1.35"]
[Board "2"]
[White "Lorne, Malaku"]
[Black "Michalik, Peter"]
[Result "0-1"]
[BlackTitle "GM"]
[WhiteElo "2056"]
[BlackElo "2586"]
[WhiteTeam "Jamaica"]
[BlackTeam "Slovakia"]
[WhiteFideId "7400330"]
[BlackFideId "14907526"]
[EventDate "2014.08.02"]

1. d4 Nf6 2. Bg5 e6 3. Nf3 c5 4. c3 Qb6 5. Qc2 Nc6 6. e3 d5 7. Nbd2 Bd7 8. Be2
Rc8 9. Qb3 Be7 10. O-O O-O 11. Ne5 Rfd8 12. f4 Be8 13. Bd3 Na5 14. Qc2 h6 15.
Bh4 Bb5 16. Bxb5 Qxb5 17. f5 Qb6 18. Ndf3 Re8 19. Bxf6 Bxf6 20. Nd7 Qd8 21.
Nxf6+ Qxf6 22. Ne5 Qg5 23. f6 Nc6 24. Nxc6 Rxc6 25. Rf3 e5 26. dxc5 Rxf6 27.
Raf1 Rxf3 28. Rxf3 Re6 29. b4 b6 30. cxb6 axb6 31. Qd2 e4 32. Rf1 b5 33. Ra1 Ra6
34. Rd1 Rf6 35. Rf1 Rf3 36. Re1 h5 37. Kh1 Rf6 38. Qe2 h4 39. h3 Qg3 40. Kg1 Rg6
41. Kh1 Rc6 42. Rc1 Rf6 43. Kg1 Rf3 44. Rf1 Rxe3 45. Qxb5 Qe5 46. Qd7 f6 47. b5
Rxc3 48. b6 Rc2 49. Rb1 Qg5 50. Qg4 Rc1+ 51. Rxc1 Qxc1+ 52. Kh2 Qc6 53. a4 Qxb6
54. Qc8+ Kh7 55. Qf5+ Kh6 56. Qxd5 Qc7+ 57. Kh1 Qc1+ 58. Kh2 Qf4+ 59. Kg1 Qe3+
60. Kf1 Qf4+ 61. Ke2 e3 62. Qf3 Qc4+ 63. Kxe3 Qxa4 64. Ke2 Qd4 65. Kf1 Kg5 66.
Ke2 Qe5+ 67. Kd1 f5 68. Kd2 Qf4+ 69. Ke2 Qxf3+ 70. Kxf3 Kf6 71. g3 hxg3 72. Kxg3
Kg5 73. Kf3 Kh4 74. Kg2 g6 0-1

[Event "Olimpiade 2014 - Open"]
[Site "Tromsø"]
[Date "02.08.2014"]
[Round "1.35"]
[Board "3"]
[White "Petrik, Tomas"]
[Black "Mellace, Andrew"]
[Result "1-0"]
[WhiteTitle "GM"]
[WhiteElo "2487"]
[BlackElo "2087"]
[WhiteTeam "Slovakia"]
[BlackTeam "Jamaica"]
[WhiteFideId "14901625"]
[BlackFideId "7400055"]
[EventDate "2014.08.02"]

1. e4 c5 2. Nf3 Nc6 3. d4 cxd4 4. Nxd4 g6 5. c4 Nf6 6. Nc3 Nxd4 7. Qxd4 d6 8.
Be3 Bg7 9. f3 O-O 10. Qd2 Be6 11. Rc1 Qa5 12. Be2 Rfc8 13. b3 a6 14. Na4 Qxd2+
15. Kxd2 Nd7 16. g4 f5 17. gxf5 gxf5 18. Rhg1 Rf8 19. Bh6 Rf7 20. c5 fxe4 21.
cxd6 exf3 22. Bxf3 Ne5 23. Bh5 Ng6 24. Bxg7 Rxg7 25. Bxg6 Rxg6 26. Rxg6+ hxg6
27. dxe7 b5 28. Nc5 Bf7 29. Re1 Be8 30. Nb7 Ra7 31. Nd6 Rd7 32. Re6 Bf7 33. Ke3
Rxd6 34. Rxd6 Be8 35. Rf6 Bf7 36. Rxa6 Be8 37. Rf6 1-0

[Event "Olimpiade 2014 - Open"]
[Site "Tromsø"]
[Date "02.08.2014"]
[Round "1.35"]
[Board "4"]
[White "Wisdom, Daren"]
[Black "Petenyi, Tamas"]
[Result "0-1"]
[BlackTitle "IM"]
[WhiteElo "2024"]
[BlackElo "2453"]
[WhiteTeam "Jamaica"]
[BlackTeam "Slovakia"]
[WhiteFideId "7400438"]
[BlackFideId "14909090"]
[EventDate "2014.08.02"]

1. d4 g6 2. c4 Bg7 3. e4 d6 4. Nc3 Nf6 5. Nf3 O-O 6. Be2 Nbd7 7. O-O e5 8. d5
Nc5 9. Qc2 a5 10. Bg5 h6 11. Be3 Nfd7 12. Nd2 f5 13. f4 exf4 14. Rxf4 Qe7 15.
Raf1 Ne5 16. Bd4 g5 17. R4f2 f4 18. a3 g4 19. Kh1 Ned3 20. Bxc5 Nxc5 21. Qd1 Qg5
22. Nb5 Rf7 23. b4 axb4 24. axb4 Na4 25. g3 f3 26. Bd3 Nb2 27. Qb3 Qe3 28. Bc2
Qxb3 29. Nxb3 Nxc4 30. Bd3 Nb2 31. Bb1 Ra4 32. Rc2 Bd7 33. Nxc7 Rxb4 34. Nd2 Ba4
35. Rcc1 Rd4 36. Rf2 Nd1 37. Rxd1 Bxd1 38. Ne6 Be2 39. Nxd4 Bxd4 40. Rf1 Bc3 0-1

[Event "Olimpiade 2014 - Open"]
[Site "Tromsø"]
[Date "02.08.2014"]
[Round "1.36"]
[Board "2"]
[White "Gerzhoy, Leonid"]
[Black "Li Ying, Patrick"]
[Result "1-0"]
[WhiteTitle "IM"]
[BlackTitle "CM"]
[WhiteElo "2473"]
[BlackElo "2125"]
[WhiteTeam "Canada"]
[BlackTeam "Mauritius"]
[WhiteFideId "2806126"]
[BlackFideId "9700056"]
[EventDate "2014.08.02"]

1. Nf3 d5 2. d4 Nf6 3. c4 c6 4. Nc3 e6 5. Qb3 Bd6 6. Bg5 h6 7. Bh4 Nbd7 8. e3
O-O 9. cxd5 exd5 10. Bd3 Re8 11. O-O Qc7 12. Qc2 a6 13. a3 b6 14. b4 Bb7 15.
Rac1 Qb8 16. Rb1 Qa7 17. Bf5 a5 18. e4 dxe4 19. Nxe4 Be7 20. Nxf6+ Nxf6 21. Rfe1
axb4 22. axb4 g5 23. Bg3 Qa4 24. Qd2 Nd5 25. Bc2 Qb5 26. Ne5 Bxb4 27. Qd1 Nf6
28. h4 Qa5 29. hxg5 hxg5 30. Re3 c5 31. d5 Bd2 32. Re2 Bc3 33. Qd3 Ba6 34. Qf5
Bxe2 35. Qxg5+ Kf8 36. Qxf6 Bxe5 37. Bxe5 Rxe5 38. Qh8+ Ke7 39. Qxe5+ Kf8 40. d6
Qd2 41. Qh8# 1-0

[Event "Olimpiade 2014 - Open"]
[Site "Tromsø"]
[Date "02.08.2014"]
[Round "1.36"]
[Board "3"]
[White "Goorsahye, Antoine"]
[Black "Sambuev, Bator"]
[Result "0-1"]
[BlackTitle "GM"]
[WhiteElo "1760"]
[BlackElo "2528"]
[WhiteTeam "Mauritius"]
[BlackTeam "Canada"]
[WhiteFideId "9700110"]
[BlackFideId "4128290"]
[EventDate "2014.08.02"]

1. e4 e6 2. d4 d5 3. Nc3 Bb4 4. exd5 exd5 5. Bd3 Nc6 6. Ne2 Nge7 7. Bg5 f6 8.
Be3 Bf5 9. O-O Qd7 10. Ng3 Bg6 11. Re1 O-O-O 12. a3 Bxc3 13. bxc3 h5 14. Bxg6
Nxg6 15. Nxh5 Nh4 16. Ng3 g5 17. Qd3 Na5 18. Reb1 Nc4 19. Rb4 Rde8 20. Rab1 b6
21. a4 Nxg2 22. Kxg2 Qh3+ 23. Kf3 g4+ 24. Ke2 Rxe3+ 25. Qxe3 Nxe3 26. Kxe3 Qxh2
27. Rf1 Qg2 28. Kd2 Rh3 29. Ke2 Rxg3 0-1

[Event "Olimpiade 2014 - Open"]
[Site "Tromsø"]
[Date "02.08.2014"]
[Round "1.36"]
[Board "4"]
[White "Hambleton, Aman"]
[Black "Koster, Jeroen Louis"]
[Result "1-0"]
[WhiteTitle "IM"]
[WhiteElo "2458"]
[BlackElo "1846"]
[WhiteTeam "Canada"]
[BlackTeam "Mauritius"]
[WhiteFideId "2606577"]
[BlackFideId "9700161"]
[EventDate "2014.08.02"]

1. d4 d6 2. c4 e5 3. Nf3 e4 4. Ng5 f5 5. g3 Be7 6. h4 Nf6 7. Nc3 c6 8. d5 Na6 9.
Nh3 O-O 10. Nf4 Rb8 11. e3 Bd7 12. Be2 Nc7 13. b3 Qe8 14. Bb2 Qf7 15. h5 a6 16.
h6 g6 17. Rc1 Rfc8 18. Qd2 c5 19. Nd1 b5 20. Ba1 Nfe8 21. Rg1 Bf6 22. g4 Bxa1
23. Rxa1 Qf6 24. Rc1 bxc4 25. gxf5 Bxf5 26. Bxc4 Kf7 27. Nc3 Qe5 28. Nce2 Nf6
29. Rg5 Rg8 30. Ng3 Ng4 31. Qa5 Qe7 32. Nxf5 gxf5 33. Rxf5+ Ke8 34. Ne6 Nxe6 35.
dxe6 Nxh6 36. Rf7 Nxf7 37. exf7+ 1-0

[Event "Olimpiade 2014 - Open"]
[Site "Tromsø"]
[Date "02.08.2014"]
[Round "1.37"]
[Board "1"]
[White "Amin, Bassem"]
[Black "Sanches, Romario"]
[Result "1-0"]
[WhiteTitle "GM"]
[BlackTitle "CM"]
[WhiteElo "2627"]
[BlackElo "2083"]
[WhiteTeam "Egypt"]
[BlackTeam "Surinam"]
[WhiteFideId "10601457"]
[BlackFideId "8200211"]
[EventDate "2014.08.02"]

1. e4 c5 2. Nf3 d6 3. c3 Nf6 4. Bc4 e6 5. Qe2 Be7 6. O-O O-O 7. Re1 a6 8. Bb3 b5
9. d4 cxd4 10. cxd4 Bb7 11. Bc2 Nbd7 12. a3 e5 13. Nc3 Rc8 14. h3 Re8 15. Rd1
Qc7 16. Be3 Bf8 17. d5 Nb6 18. Nd2 Nfd7 19. Rdc1 Qd8 20. a4 b4 21. Nd1 a5 22.
Nb3 Nc4 23. Bd3 Nxe3 24. Rxc8 Bxc8 25. Nxe3 Nc5 26. Nxc5 dxc5 27. Bb5 Re7 28.
Nc4 f6 29. d6 Rb7 30. Ba6 Rb8 31. Bxc8 Rxc8 32. Rd1 g6 33. Qd3 Kg7 34. Qd5 h5
35. Qb7+ Kh6 36. d7 Rb8 37. Qxb8 1-0

[Event "Olimpiade 2014 - Open"]
[Site "Tromsø"]
[Date "02.08.2014"]
[Round "1.37"]
[Board "2"]
[White "Matoewi, Roger"]
[Black "Shoker, Samy"]
[Result "0-1"]
[WhiteTitle "FM"]
[BlackTitle "IM"]
[WhiteElo "2121"]
[BlackElo "2487"]
[WhiteTeam "Surinam"]
[BlackTeam "Egypt"]
[WhiteFideId "8200084"]
[BlackFideId "627143"]
[EventDate "2014.08.02"]

1. e4 g6 2. d4 Bg7 3. Nc3 d6 4. Nf3 a6 5. a4 Nf6 6. Bc4 Nc6 7. h3 O-O 8. Qe2 e6
9. Bb3 b6 10. O-O Bb7 11. Bg5 h6 12. Bxf6 Qxf6 13. Rad1 Ne7 14. Rfe1 Rfd8 15.
Qe3 g5 16. Ne2 Qg6 17. Ng3 c5 18. c3 Rac8 19. Ba2 Bc6 20. a5 cxd4 21. Nxd4 bxa5
22. Bb1 Be5 23. Qf3 Bb7 24. Qg4 Kh8 25. Nf3 Ng8 26. Nh5 Nf6 27. Nxe5 dxe5 28.
Nxf6 Qxf6 29. Rxd8+ Rxd8 30. Rd1 Kg7 31. Rxd8 Qxd8 32. Qe2 Qb6 33. Bd3 a4 34.
Qc2 Qa5 35. Kh2 Bc6 36. Be2 Qb6 37. Bd3 a5 38. Kg3 Qc5 39. h4 a3 40. bxa3 Qxa3
41. hxg5 hxg5 42. Qd2 Qe7 43. Bb1 Qf6 44. f3 Qf4+ 45. Qxf4 exf4+ 46. Kg4 Kf6 47.
g3 fxg3 48. Kxg3 Ke5 49. Bc2 a4 50. Bb1 Bb5 51. Bc2 f6 52. Kg4 a3 53. Bb3 Bd3
54. Ba2 Kd6 55. f4 gxf4 56. Kxf4 Kc5 57. e5 fxe5+ 0-1

[Event "Olimpiade 2014 - Open"]
[Site "Tromsø"]
[Date "02.08.2014"]
[Round "1.37"]
[Board "3"]
[White "Ezat, Mohamed"]
[Black "Gajadin, Dewperkash"]
[Result "1-0"]
[WhiteTitle "IM"]
[BlackTitle "FM"]
[WhiteElo "2466"]
[BlackElo "2087"]
[WhiteTeam "Egypt"]
[BlackTeam "Surinam"]
[WhiteFideId "10600906"]
[BlackFideId "8200041"]
[EventDate "2014.08.02"]

1. d4 Nf6 2. c4 e6 3. Nc3 d5 4. cxd5 exd5 5. Bg5 Be7 6. e3 O-O 7. Bd3 c6 8. Qc2
Nbd7 9. Nge2 Re8 10. O-O h6 11. Bf4 Nf8 12. Rab1 a5 13. a3 Bg4 14. b4 axb4 15.
axb4 Qd7 16. Na4 Bd8 17. b5 Nh5 18. Be5 f6 19. Bg3 Nxg3 20. Nxg3 Bc7 21. bxc6
bxc6 22. Nb6 Bxb6 23. Rxb6 Rec8 24. h3 Be6 25. Rc1 Ra3 26. Bf5 Bxf5 27. Qxf5 Qc7
28. Nh5 Qxb6 29. Qxc8 Kf7 30. Rxc6 Qb1+ 31. Rc1 1-0

[Event "Olimpiade 2014 - Open"]
[Site "Tromsø"]
[Date "02.08.2014"]
[Round "1.37"]
[Board "4"]
[White "Hanoeman, Suradj"]
[Black "Adly, Ahmed"]
[Result "0-1"]
[WhiteTitle "CM"]
[BlackTitle "GM"]
[WhiteElo "2024"]
[BlackElo "2589"]
[WhiteTeam "Surinam"]
[BlackTeam "Egypt"]
[WhiteFideId "8200173"]
[BlackFideId "10601619"]
[EventDate "2014.08.02"]

1. d4 Nf6 2. c4 e6 3. Nc3 d5 4. Bg5 c6 5. cxd5 exd5 6. Qc2 Be7 7. e3 Bg4 8. Bd3
Nbd7 9. Nge2 Nh5 10. Bxe7 Qxe7 11. O-O g6 12. Rae1 O-O 13. Ng3 Nxg3 14. hxg3
Rae8 15. f3 Be6 16. e4 dxe4 17. fxe4 c5 18. d5 Bg4 19. Bb5 Qe5 20. Rf4 a6 21.
Bxd7 Bxd7 22. Ref1 Qd4+ 23. Kh2 Re5 24. Ne2 Rh5+ 25. Rh4 Rxh4+ 26. gxh4 Qe5+ 27.
g3 f5 28. Qc3 Qxe4 29. Nf4 Re8 30. Rf2 Qe1 31. Qc2 b6 32. Qd2 Kf7 33. Qc2 Re4
34. Nd3 Qe3 35. Nf4 Rc4 36. Qe2 Qxe2 37. Rxe2 Re4 38. Rc2 h6 39. Nd3 g5 40. hxg5
hxg5 41. b4 c4 42. Nc5 bxc5 43. bxc5 Ba4 44. Rc3 Ke7 45. Rf3 Re5 46. Rc3 Rxd5 0-1

[Event "Olimpiade 2014 - Open"]
[Site "Tromsø"]
[Date "02.08.2014"]
[Round "1.38"]
[Board "1"]
[White "Huguet, Sergio"]
[Black "Ghaem Maghami, Ehsan"]
[Result "0-1"]
[WhiteTitle "FM"]
[BlackTitle "GM"]
[WhiteElo "2055"]
[BlackElo "2594"]
[WhiteTeam "Honduras"]
[BlackTeam "Iran"]
[WhiteFideId "2212552"]
[BlackFideId "12500739"]
[EventDate "2014.08.02"]

1. e4 c5 2. c3 Nf6 3. e5 Nd5 4. d4 cxd4 5. Nf3 e6 6. cxd4 d6 7. Nc3 dxe5 8. Nxe5
Bb4 9. Bd2 O-O 10. Bd3 Ne7 11. Qg4 Nbc6 12. Nf3 e5 13. Qh4 Ng6 14. Qxd8 Rxd8 15.
Bxg6 hxg6 16. dxe5 Bg4 17. Bf4 Bxf3 18. gxf3 Nd4 19. Rd1 Nxf3+ 20. Ke2 Nd4+ 21.
Ke3 Bxc3 22. bxc3 Ne6 23. Rd6 Rdc8 24. Rc1 Rc4 25. Bg3 Rac8 26. Kd2 b5 27. a3
Ra4 28. Ra1 Nc5 29. Kc2 Ne4 30. Rd3 Rac4 31. Rad1 Kh7 32. f3 Nxc3 33. Re1 Na4+
34. Kb3 Nc5+ 0-1

[Event "Olimpiade 2014 - Open"]
[Site "Tromsø"]
[Date "02.08.2014"]
[Round "1.38"]
[Board "2"]
[White "Moradiabadi, Elshan"]
[Black "Medina Viana, Ricardo"]
[Result "1-0"]
[WhiteTitle "GM"]
[BlackTitle "CM"]
[WhiteElo "2598"]
[BlackElo "2063"]
[WhiteTeam "Iran"]
[BlackTeam "Honduras"]
[WhiteFideId "12501255"]
[BlackFideId "8400342"]
[EventDate "2014.08.02"]

1. d4 Nf6 2. c4 e5 3. dxe5 Ng4 4. Bf4 Nc6 5. Nf3 Bb4+ 6. Nc3 Qe7 7. Qb3 Ba5 8.
Rd1 Ngxe5 9. Nxe5 Nxe5 10. Rd5 Nc6 11. e3 d6 12. Be2 O-O 13. O-O Be6 14. Rh5
Bxc3 15. Qxc3 f6 16. Bd3 g6 17. Rb5 b6 18. Be4 Qe8 19. Bd5 a6 20. Rb3 Rb8 21.
Rd1 g5 22. Bg3 h5 23. f4 h4 24. Bf2 Nd8 25. Qc2 Qh5 26. Bf3 Qf7 27. f5 Qh7 28.
e4 Bd7 29. c5 dxc5 30. Bxc5 Rf7 31. Bd4 Ba4 32. Bxf6 Nb7 33. e5 Bxb3 34. axb3 c5
35. Bd5 Qh5 36. Bxf7+ Qxf7 37. Bxg5 Re8 38. e6 Qh5 39. Bf6 Qh6 40. Bc3 Qe3+ 41.
Qf2 Qxf2+ 42. Kxf2 Na5 43. Rd7 Nxb3 44. Rg7+ Kf8 45. Rh7 Nd4 46. Bxd4 cxd4 47.
Rh8+ 1-0

[Event "Olimpiade 2014 - Open"]
[Site "Tromsø"]
[Date "02.08.2014"]
[Round "1.38"]
[Board "3"]
[White "Hernandez, Juan Carlos"]
[Black "Idani, Pouya"]
[Result "0-1"]
[BlackTitle "IM"]
[WhiteElo "1964"]
[BlackElo "2499"]
[WhiteTeam "Honduras"]
[BlackTeam "Iran"]
[WhiteFideId "8400318"]
[BlackFideId "12510130"]
[EventDate "2014.08.02"]

1. d4 Nf6 2. Nf3 e6 3. c4 b6 4. g3 Bb4+ 5. Bd2 Be7 6. Bg2 c6 7. Nc3 Ba6 8. b3 d5
9. Ne5 O-O 10. e3 Bd6 11. f4 Nfd7 12. cxd5 cxd5 13. Bf1 Bxf1 14. Kxf1 Bxe5 15.
dxe5 f6 16. exf6 Nxf6 17. Kg2 Na6 18. Qe2 Nc5 19. b4 Nce4 20. Nxe4 Nxe4 21. Bc1
Rc8 22. Bb2 Qd6 23. a3 Rc4 24. Rac1 Rfc8 25. Rhd1 b5 26. Rxc4 Rxc4 27. Be5 Qc6
28. Qg4 g6 29. Qh4 Qe8 30. Rd4 Rc2+ 31. Kg1 g5 32. Qh6 Qg6 33. Qxg6+ hxg6 34.
Rd3 g4 35. a4 a6 36. axb5 axb5 37. Ra3 Nd2 38. Ra8+ Kf7 39. Rb8 Nf3+ 40. Kf1
Nxh2+ 41. Kg1 Nf3+ 42. Kf1 g5 43. Rxb5 gxf4 44. exf4 Nxe5 45. fxe5 Kg6 46. Rb8
Kf5 47. b5 Kxe5 48. b6 Rb2 49. b7 Ke4 50. Re8 Rxb7 51. Rxe6+ Kf3 52. Rf6+ Kxg3
53. Ke2 Re7+ 54. Kd3 Kg2 55. Rf5 Rd7 56. Ke3 d4+ 57. Kd3 g3 58. Rf4 Kg1 59. Re4
g2 60. Re1+ Kf2 0-1